| 000 | 00440nam a2200181Ia 4500 | ||
|---|---|---|---|
| 008 | 240510s9999 xx 000 0 und d | ||
| 020 | _a0009552039762 | ||
| 041 | _asih | ||
| 082 | _a891.483 | ||
| 082 | _bB31 | ||
| 100 | _aBHATTACHARYAS Bhavani (Translator : Dissanayake, Kusum) | ||
| 245 | 0 | _aRanabimaka Chaya | |
| 260 | _bColombo : Godage S Publishing | ||
| 260 | _c2000 | ||
| 300 | _a482 p. | ||
| 942 | _2ddc | ||
| 942 | _cLBK | ||
| 999 |
_c28326 _d28326 |
||
| 945 |
_a1 _bMadushi Gamage _c1 _dMadushi Gamage |
||